header

God & Caesar (Record no. 72808)

MARC details
000 -LEADER
fixed length control field 01814nam a22003374a 4500
082 04 - DEWEY DECIMAL CLASSIFICATION NUMBER
Classification number 261.7088/282
100 1# - MAIN ENTRY--AUTHOR NAME
Personal name Pell, George,
245 10 - TITLE STATEMENT
Title God & Caesar
260 ## - PUBLICATION, DISTRIBUTION, ETC. (IMPRINT)
Place of publication Bacchus March, Victoria :
Name of publisher Connor Court Pub. ;
Place of publication Washington, D.C. :
Name of publisher Catholic University of America Press,
Year of publication c2007.
300 ## - PHYSICAL DESCRIPTION
Number of Pages xi, 189 p.
505 0# - FORMATTED CONTENTS NOTE
Formatted contents note Catholicism and democracy -- Law and morality -- The church and politics -- Catholicism and the architecture of freedom -- Catholicism and democracy -- Is there only secular democracy? -- Faith, reason, and life -- God, evolution, and consilience -- The role of the bishop in promoting the Gospel of life -- The case for God -- Theology and the university -- Human dignity, human rights, and moral responsibility.
650 #0 - SUBJECT ADDED ENTRY--TOPICAL TERM
Topical Term Christianity and politics
700 1# - ADDED ENTRY--PERSONAL NAME
Personal name Casey, M. A.,
856 40 - ELECTRONIC LOCATION AND ACCESS
Uniform Resource Identifier http://site.ebrary.com/lib/rucke/Doc?id=10289959

No items available.

© 2026 Rongo University
Contact us: librarian | system librarian | Rongo university